| 000 | 01011nam a2200229Ia 4500 | ||
|---|---|---|---|
| 001 | 16915 | ||
| 005 | 20260330162431.0 | ||
| 008 | 260306t2005||||xx |||||||||||||| ||und|| | ||
| 041 | _aESP | ||
| 082 |
_a657.3 _bG84 |
||
| 100 |
_aGuajardo Cantú, Gerardo _eAUT |
||
| 245 | 0 | _aContabilidad para no contadores | |
| 260 | _c2005 | ||
| 300 |
_a425 páginas : _c24 cm. |
||
| 650 | _aGEN | ||
| 654 | _aCCO | ||
| 856 |
_uhttps://itmsp.museknowledge.com/UCSP?url=https://www.ebooks7-24.com:443/?il=14919&pg=1 _zVéase además: Contabilidad para no contadores: una forma rápida y sencilla de entender la contabilidad, por Wayne Label. Versión digital |
||
| 856 |
_uhttps://0u213upmg-y-https-ebooks7--24-com.itmsp.museknowledge.com/biblioteca.aspx _zVéase además: Base de datos Ebook7-24 |
||
| 856 |
_uhttps://www.legismovil.pe/lnp.asp _zVéase además: Base de datos Legis Móvil |
||
| 856 |
_uhttps://legal.legis.com.pe/home/Corporativo _zVéase además: Base de datos Multilegis |
||
| 942 |
_cLIB _dJUS _fJUS _2ddc |
||
| 999 |
_c16915 _d16915 |
||